Nói chuyện về cơ học Newton và vật lí học cổ điển

Gardado en:
Detalles Bibliográficos
Autor Principal: Đào Văn Phúc
Formato: Libro
Idioma:Undetermined
Publicado: Hà Nội Giáo dục 1978
Những chủ đề:
Các nhãn: Engadir etiqueta
Sen Etiquetas, Sexa o primeiro en etiquetar este rexistro!
Thư viện lưu trữ: Trung tâm Học liệu Trường Đại học Cần Thơ
LEADER 00557nam a2200181Ia 4500
001 CTU_2232
008 210402s9999 xx 000 0 und d
082 |a 531 
082 |b Ph506/1978 
100 |a Đào Văn Phúc 
245 0 |a Nói chuyện về cơ học Newton và vật lí học cổ điển 
245 0 |c Đào Văn Phúc 
260 |a Hà Nội 
260 |b Giáo dục 
260 |c 1978 
650 |a mechanics 
904 |i Nguyễn Quang Điền, 960623 
980 |a Trung tâm Học liệu Trường Đại học Cần Thơ